Statistiques concernant Tous les joueurs du PSG depuis 2012-2013

Cliquez ici pour prendre le quiz!

Statistiques générales

  • Ce quiz a été pris 10 341 fois
  • Le résultat moyen est 52 sur 88

Statistiques - réponses

DatesPosteNationalitéNom% Correct
2019-GardienCosta RicaKeylor Navas
96%
2010-2013/2016-GardienFranceAlphonse Aréola
93%
2017-AttaquantFranceKylian Mbappé
93%
2017-AttaquantBrésilNeymar
93%
2012-MilieuItalieMarco Verratti
92%
2012-2020DéfenseurBrésilThiago Silva
92%
2013-2020AttaquantUruguayEdinson Cavani
91%
2015-2018GardienAllemagneKevin Trapp
91%
2011-2017GardienItalieSalvatore Sirigu
91%
2012-2016AttaquantSuèdeZlatan Ibrahimovic
91%
2013-DéfenseurBrésilMarquinhos
90%
2015-DéfenseurFrancePresnel Kimpembe
88%
2015-AttaquantArgentineAngel Di Maria
86%
2011-2018MilieuFranceBlaise Matuidi
83%
2018-2019GardienItalieGianluigi Buffon
83%
2019-GardienEspagneSergio Rico
83%
2011-2018MilieuItalieThiago Motta
83%
2019-MilieuSénégalIdrissa Gueye
80%
2016-MilieuAllemagneJulian Draxler
79%
2019-AttaquantArgentineMauro Icardi
79%
2018-MilieuArgentineLeandro Paredes
78%
2014-2017DéfenseurCôte d'IvoireSerge Aurier
78%
2011-2018MilieuArgentineJavier Pastore
76%
2011-2017DéfenseurBrésilMaxwell
76%
2016-2020DéfenseurBelgiqueThomas Meunier
76%
2012-2016AttaquantArgentineEzequiel Lavezzi
75%
2014-2016DéfenseurBrésilDavid Luiz
74%
2018-DéfenseurEspagneJuan Bernat
74%
2013(jan.)-2013MilieuAngleterreDavid Beckham
73%
2012-2016DéfenseurPays-BasGregory van der Wiel
73%
2018-DéfenseurAllemagneThilo Kehrer
73%
2018-2020AttaquantCamerounEric Maxim Choupo-Moting
72%
2020-AttaquantItalieMoise Kean
72%
2015-DéfenseurFranceLayvin Kurzawa
71%
2017-2020AttaquantEtats-UnisTimothy Weah
71%
2012-2019MilieuFranceAdrien Rabiot
70%
2013-2017AttaquantBrésilLucas Moura
68%
2011-2014DéfenseurBrésilAlex
65%
2019-MilieuEspagneAnder Herrera
65%
2020-MilieuPortugalDanilo Pereira
65%
2019-GardienPologneMarcin Bulka
65%
2015-2019MilieuFranceChristopher Nkunku
63%
2016-2017MilieuPologneGrzegorz Krychowiak
63%
2007-2014DéfenseurFranceMamadou Sakho
62%
2009-2014DéfenseurFranceChristophe Jallet
60%
2017-2019DéfenseurBrésilDaniel Alves
60%
2016-2018AttaquantPortugalGonçalo Guedes
59%
2020-DéfenseurItalieAlessandro Florenzi
56%
2019-DéfenseurPays-BasMitchel Bakker
56%
2011-2016GardienFranceNicolas Douchez
56%
2019-MilieuEspagnePablo Sarabia
56%
2014-2015MilieuFranceYohan Cabaye
56%
2016-2018MilieuArgentineGiovanni Lo Celso
55%
2012-2014AttaquantFranceKingsley Coman
55%
2013-2015GardienFranceMike Maignan
55%
2019-DéfenseurFranceAbdou Diallo
54%
2010-2013MilieuBrésilNenê
53%
2018-DéfenseurFranceColin Dagba
52%
2008-2013AttaquantFranceGuillaume Hoarau
52%
2018-2019AttaquantFranceMoussa Diaby
52%
2011-2014AttaquantFranceJérémy Ménez
51%
2016-2020MilieuEspagneJesé
50%
2006-2015MilieuFranceClément Chantôme
48%
2011-2013AttaquantFranceKévin Gameiro
48%
2020-MilieuBrésilRafinha
46%
2016-2018MilieuFranceHatem Ben Arfa
44%
2007-2015DéfenseurFranceZoumana Camara
42%
2017-2018DéfenseurEspagneYuri Berchiche
41%
2013-2016DéfenseurFranceLucas Digne
39%
2011-2013DéfenseurUruguayDiego Lugano
38%
2017-2019MilieuFranceLassana Diarra
34%
2004-2013DéfenseurFranceSylvain Armand
33%
2015-2016DéfenseurFranceBenjamin Stambouli
32%
2013-2017AttaquantFranceJean-Christophe Bahebeck
31%
2015-2017AttaquantFranceJean-Kévin Augustin
30%
2010-2013MilieuFranceMathieu Bodmer
29%
2020-DéfenseurFranceTimothée Pembélé
26%
2010-2013DéfenseurCôte d'IvoireSiaka Tiéné
23%
2012-2016AttaquantFranceHervin Ongenda
22%
2007-2013AttaquantFrancePeguy Luyindula
16%
2017-2020DéfenseurFranceStanley Nsoki
16%
2017-2019MilieuFranceYacine Adli
14%
2017-2019GardienFranceSébastien Cibois
13%
2014-2015GardienFranceMory Diaw
12%
2016-2017AttaquantFranceOdsonne Edouard
12%
2013-2017DéfenseurFranceYoussouf Sabaly
7%
2012-2014DéfenseurFranceAntoine Conte
6%
2012-2014DéfenseurFranceJordan Ikoko
5%

Distribution des résultats

Percentile par nombre de réponses

% des personnes avec chaque résultat

Votre développement - résultats

Vous n’avez pas pris ce quiz